01014cam a22003614i 4500003000900000005001700009008004100026020001500067035002700082040003300109082002000142100002900162245008100191264004200272300003800314336002100352337002500373338002300398490003800421505006000459526001000519526001000529526001000539526001000549526000800559526000800567526000800575526000800583526000800591526000800599526000800607630003700615PE-LiUPU20250731173456.0150616s1987 xxk r 000 0 spa d a0899253512 a(Sirsi) i9780899253510 aPE-LiUPUbspacPE-LiUPUerda04a225.95bK682211 aKoester, Helmut,eautor.10aHistory, Culture, and Religion of the Hellenistic Age.n1 /cHelmut Koester. 1aNew York :bWalter de Gruyter,c1987. a433 páginas ;c23 centímetros atext2rdacontent aunmediated2rdamedia avolume2rdacarrier0 aIntroduction to the New Testament0 aHistoria antigua del Nuevo Testamento Nuevo testamento. aSEG42 aSEG41 aSEG40 aSEG39 aP94 aP87 aP86 aP85 aP77 aP76 aP35 aBiblia.pN.T.xHistoria antigua.